|
|
|
|
| LEADER |
01036nam a2200217 a 4500 |
| 001 |
GR-MES1427 |
| 008 |
991111s1983 gr 000 0 gre d |
| 040 |
|
|
|a GrPaTEI
|b gre
|c GR-PaULI
|
| 245 |
0 |
2 |
|a Ο φόρος προστιθέμενης αξιας τι είναι και πως εφαρμόζεται :
|b Επίκαιρα θέματα: 1:.
|
| 260 |
|
|
|a Αθήνα :
|b [χ.χ],
|c 1983
|
| 300 |
|
|
|a 63σελ.
|
| 500 |
|
|
|a περιέχει βιβλιογραφικές αναφορές
|
| 650 |
|
4 |
|a Επιχειρήσεις
|
| 650 |
|
4 |
|a Φορολογία
|
| 650 |
|
4 |
|a ΦΠΑ
|
| 700 |
1 |
|
|a Προβόπουλος, Γεώργιος Α.,
|d 1950-
|
| 710 |
2 |
|
|a Ινστιτούτο οικονομικών και βιομηχανικών ερευνών
|
| 942 |
|
|
|2 ddc
|
| 952 |
|
|
|0 0
|1 0
|2 ddc
|4 0
|6 336_271000000000000_4_ΠΡΟ
|7 0
|9 265625
|a MSLG
|b MSLG
|c BSC
|d 2021-01-17
|e 24
|f 0
|g 0.00
|l 0
|o 336.271 4 ΠΡΟ
|p 2420000000261
|r 2021-01-17 00:00:00
|t 1
|w 2021-01-17
|y BK15
|x 19991111 0 1
|x GrPaTEI
|
| 971 |
|
|
|a .b25724691
|b 16-04-20
|c 13-09-16
|
| 999 |
|
|
|c 152680
|d 152680
|